00529 2200205 4500001002100000005001500021035002000036245004400056100001200100250000600112300003500118260003900153082001200192084001800204020001800222650003200240990001700272990001700289990001700306INLIS00000000000021120180918035021 a0010-09180000651 aSelayang Pandang Papua Barat /cPurwati0 aPurwati a- aiv, 60 hlm. :bilus. ;c21 cm. aKlaten :bPT Intan Pariwara,c2009 a911.598 a911.598 PUR s a978-28-0107-1 aGeografi Historis Indonesia a00914/P/2018 a00915/P/2018 a00965/P/2018